NeXT operating system software /

Saved in:
Bibliographic Details
Corporate Author: NeXT Computer, Inc
Format: Book
Language:English
Published: Reading, Mass. : Addison-Wesley Pub. Co., c1991.
Series:NeXT developer's library.
Subjects:
LEADER 01063nam a2200301 a 4500
001 c000410664
003 CARM
005 00000000000000.0
008 920317s1991 mau 00100 eng
010 |a 92132477 
019 1 |a 8942613 
020 |a 0201581310 :  |c $24.95 ($31.95 Can.) 
040 |a VDU  |c VDU 
050 0 0 |a QA76.8.N49  |b N48 1991 
082 0 4 |a 005.432 
245 0 0 |a NeXT operating system software /  |c Nxt Computer, Inc. 
260 |a Reading, Mass. :  |b Addison-Wesley Pub. Co.,  |c c1991. 
300 |a 1 v. (various pagings) ;  |c 28 cm. 
490 0 |a NeXT developer's library. 
500 |a "This manual describes release 2"--T.p. verso. 
500 |a Includes index. 
630 0 0 |a Mach. 
650 0 |a NeXT (Computer)  |x Programming. 
650 0 |a Operating systems (Computers) 
710 2 |a NeXT Computer, Inc. 
852 8 |b CARM  |h A3:AG17C0  |i F08110  |p 0568979  |f BK 
999 f f |i ae89139e-8c2a-5949-a1e5-4ad4eea5b4aa  |s 0c1775c7-382b-5cc6-8df0-b96186a205c4 
952 f f |p Can circulate  |a CAVAL  |b CAVAL  |c CAVAL  |d CARM 1 Store  |e F08110  |f A3:AG17C0  |h Other scheme  |i book  |m 0568979